Zasady Pisowni Polskiej (Запис № 278007)
[ простий вигляд ]
| 000 -LEADER | |
|---|---|
| fixed length control field | 00355nam a22001577a 4500 |
| 003 - CONTROL NUMBER IDENTIFIER | |
| control field | UA-OsUOA |
| 005 - DATE AND TIME OF LATEST TRANSACTION | |
| control field | 20250131151038.0 |
| 008 - FIXED-LENGTH DATA ELEMENTS--GENERAL INFORMATION | |
| fixed length control field | 250131b un ||||| |||| 00| 0 ukr d |
| 040 ## - CATALOGING SOURCE | |
| Transcribing agency | UA-OsUOA |
| 041 ## - LANGUAGE CODE | |
| Language code of text/sound track or separate title | pol |
| 080 ## - UNIVERSAL DECIMAL CLASSIFICATION NUMBER | |
| Universal Decimal Classification number | 80 |
| 100 ## - MAIN ENTRY--PERSONAL NAME | |
| Personal name | Jodlowski, S. |
| 9 (RLIN) | 18624 |
| 245 ## - TITLE STATEMENT | |
| Title | Zasady Pisowni Polskiej |
| 650 ## - SUBJECT ADDED ENTRY--TOPICAL TERM | |
| Topical term or geographic name as entry element | Polish |
| 9 (RLIN) | 18625 |
| 942 ## - ADDED ENTRY ELEMENTS (KOHA) | |
| Koha item type | Книги |
| Source of classification or shelving scheme | Universal Decimal Classification |
| Withdrawn status | Lost status | Source of classification or shelving scheme | Damaged status | Not for loan | Home library | Current library | Date acquired | Source of acquisition | Cost, normal purchase price | Total Checkouts | Full call number | Barcode | Date last seen | Price effective from | Koha item type |
|---|---|---|---|---|---|---|---|---|---|---|---|---|---|---|---|
| Universal Decimal Classification | ВІЛ - Відділ іноземн. літератури НБ | ВІЛ - Відділ іноземн. літератури НБ | 08/08/2005 | Акт № 5\05 | 3.00 | 80 | 201341 | 07/12/2021 | 26/12/2005 | Книги |